000
00325nam a2200133Ia 4500
008
150201s2006 xx 000 0 und d
082
_a
616.5
_b
I06P
100
_a
PASRICHA,JS
245
_a
ILLUSTRATED TB OF DERMATOLOGY
250
_a
3RD
260
_b
JAYPEE BROTHERS
_a
DELHI
_c
2006
650
_a
DERMATOLOGY
942
_2
ddc
_c
BK
999
_c
1022
_d
1022